[Event "Mallorca-ch U18"]
[Site "Mallorca"]
[Date "2019.04.21"]
[Round "5"]
[White "Paris Tur, Joan"]
[Black "Luquin Fajardo, Aimar"]
[Result "0-1"]
[WhiteElo "1392"]
[BlackElo "1581"]
[PlyCount "43"]
[EventDate "2019.04.19"]
[EventType "swiss"]
[EventRounds "5"]
[EventCountry "ESP"]
[SourceTitle "EXT 2024"]
[Source "ChessBase"]
[SourceDate "2023.10.10"]
[SourceVersion "1"]
[SourceVersionDate "2023.10.10"]
[SourceQuality "1"]

1. d4 Nf6 2. Nf3 d5 3. c4 e6 4. cxd5 exd5 5. Nc3 c5 6. Bf4 Nc6 7. e3 a6 8. h3 Be7 9. a3 0-0 10. Qc1 Be6 11. Ne5 cxd4 12. Nxc6 bxc6 13. exd4 c5 14. dxc5 Bxc5 15. Bd3 h6 16. 0-0 Nh5 17. Ne2 Rc8 18. Qd1 g5 19. Be3 d4 20. Bxd4 Bxd4 21. Nxd4 Nf4 22. Nxe6 0-1

[Event "Mallorca-ch U18"]
[Site "Mallorca"]
[Date "2019.04.20"]
[Round "2"]
[White "Luquin Fajardo, Aimar"]
[Black "Cisneros Serra, Javier"]
[Result "0-1"]
[WhiteElo "1581"]
[BlackElo "1939"]
[PlyCount "71"]
[EventDate "2019.04.19"]
[EventType "swiss"]
[EventRounds "5"]
[EventCountry "ESP"]
[SourceTitle "EXT 2024"]
[Source "ChessBase"]
[SourceDate "2023.10.10"]
[SourceVersion "1"]
[SourceVersionDate "2023.10.10"]
[SourceQuality "1"]

1. e4 d6 2. d4 Nf6 3. Nc3 g6 4. Nf3 Bg7 5. h3 0-0 6. Be3 c6 7. Bd3 Re8 8. Qd2 b5 9. a3 e5 10. dxe5 dxe5 11. Rd1 Qc7 12. 0-0 Nbd7 13. Ng5 a6 14. f4 Bb7 15. Qf2 h6 16. fxe5 Nxe5 17. Nf3 Nxf3+ 18. Qxf3 Re6 19. Bf4 Qe7 20. Kh1 c5 21. Nd5 Nxd5 22. exd5 c4 23. c3 cxd3 24. Qxd3 Re2 25. Rd2 Rxd2 26. Qxd2 Qe4 27. d6 Be5 28. Bxe5 Qxe5 29. d7 Qg5 30. Qe2 Bc6 31. Rd1 Rd8 32. Rd6 Qc1+ 33. Rd1 Qf4 34. Qe7 Rxd7 35. Qe8+ Kg7 36. Re1 0-1

[Event "Mallorca-ch U18"]
[Site "Mallorca"]
[Date "2019.04.19"]
[Round "1"]
[White "Vizcaino Mestre, Luis"]
[Black "Luquin Fajardo, Aimar"]
[Result "0-1"]
[WhiteElo "1137"]
[BlackElo "1581"]
[PlyCount "92"]
[EventDate "2019.04.19"]
[EventType "swiss"]
[EventRounds "5"]
[EventCountry "ESP"]
[SourceTitle "EXT 2024"]
[Source "ChessBase"]
[SourceDate "2023.10.10"]
[SourceVersion "1"]
[SourceVersionDate "2023.10.10"]
[SourceQuality "1"]

1. e4 e5 2. Nf3 Nc6 3. Bc4 Bc5 4. 0-0 d6 5. h3 Nf6 6. Nc3 a6 7. d3 Na5 8. Bb3 h6 9. Qe2 Nxb3 10. axb3 0-0 11. Be3 Nh5 12. Bxc5 Nf4 13. Qd2 dxc5 14. Ne2 Nxe2+ 15. Qxe2 Qd6 16. Qe3 b6 17. Nh4 f5 18. Nxf5 Bxf5 19. exf5 Rxf5 20. Qe4 Raf8 21. Rxa6 Rf4 22. Qe3 Qd5 23. Ra7 R8f7 24. c4 Qd6 25. Ra8+ Kh7 26. Re8 R7f5 27. Rc8 Qd7 28. Ra8 Rg5 29. Ra7 Rd4 30. Ra8 Rxd3 31. Qe4+ Qf5 32. Qxf5+ Rxf5 33. Rc8 Rxb3 34. Rxc7 Rxb2 35. Rc6 Rf4 36. Re6 Rxc4 37. Rxe5 Rcc2 38. Re6 c4 39. Rc6 c3 40. Kh2 b5 41. Rc5 b4 42. Rc4 Rd2 43. Kg3 c2 44. Rc1 b3 45. Rc7 Rd1 46. Rxd1 cxd1Q 0-1

[Event "Calvia Amateur op 15th"]
[Site "Calvia"]
[Date "2018.10.14"]
[Round "9"]
[White "Luquin Fajardo, Aimar"]
[Black "Amengual Perello, Jordi"]
[Result "0-1"]
[WhiteElo "1526"]
[BlackElo "1999"]
[PlyCount "98"]
[EventDate "2018.10.06"]
[EventType "swiss"]
[EventRounds "9"]
[EventCountry "ESP"]
[SourceTitle "CBM 186 Extra"]
[Source "ChessBase"]
[SourceDate "2018.08.24"]
[SourceVersion "1"]
[SourceVersionDate "2018.08.24"]
[SourceQuality "1"]

1. e4 c5 2. Nf3 e6 3. d4 cxd4 4. Nxd4 Nf6 5. Nc3 Nc6 6. Be3 Bb4 7. Bd3 d5 8. exd5 Nxd5 9. Nxc6 bxc6 10. Bd2 Qf6 11. Na4 Qe5+ 12. Be2 Bxd2+ 13. Qxd2 Ba6 14. Nc3 Nxc3 15. bxc3 Bxe2 16. f4 Qc5 17. Kxe2 Rd8 18. Qe3 Qf5 19. Rhd1 Qxc2+ 20. Rd2 Rxd2+ 21. Qxd2 Qe4+ 22. Kf1 Qc4+ 23. Kg1 0-0 24. Rd1 h6 25. g3 a5 26. Qb2 Qc5+ 27. Kg2 Qa7 28. Rd6 Rb8 29. Qc2 Qc5 30. Qd2 a4 31. Rd8+ Rxd8 32. Qxd8+ Kh7 33. Qd3+ g6 34. Qc2 a3 35. Qb3 Qd6 36. h4 Qd2+ 37. Kf3 Qd5+ 38. Qxd5 exd5 39. Ke3 c5 40. Kd3 Kg7 41. Kc2 c4 42. Kd2 Kf6 43. Ke3 Ke6 44. Kd4 Kd6 45. g4 f6 46. g5 fxg5 47. fxg5 h5 48. Ke3 Ke5 49. Kf3 d4 0-1

[Event "Calvia Amateur op 15th"]
[Site "Calvia"]
[Date "2018.10.12"]
[Round "7"]
[White "Luquin Fajardo, Aimar"]
[Black "Jerabek, Jan"]
[Result "1-0"]
[WhiteElo "1526"]
[BlackElo "1813"]
[PlyCount "93"]
[EventDate "2018.10.06"]
[EventType "swiss"]
[EventRounds "9"]
[EventCountry "ESP"]
[SourceTitle "CBM 186 Extra"]
[Source "ChessBase"]
[SourceDate "2018.08.24"]
[SourceVersion "1"]
[SourceVersionDate "2018.08.24"]
[SourceQuality "1"]

1. e4 Nf6 2. e5 Nd5 3. c4 Nb6 4. d4 d6 5. Nf3 Bg4 6. Be2 Nc6 7. exd6 exd6 8. b3 Be7 9. 0-0 0-0 10. Bb2 Bf6 11. Nbd2 Re8 12. Re1 Qd7 13. a3 a5 14. Qc2 Re7 15. Bd3 h6 16. h3 Bxf3 17. Nxf3 Rae8 18. Bf5 Rxe1+ 19. Rxe1 Rxe1+ 20. Nxe1 Qe7 21. Nf3 Nd7 22. Bxd7 Qxd7 23. d5 Ne5 24. Nxe5 Bxe5 25. Bxe5 dxe5 26. Qc3 e4 27. Qxa5 b6 28. Qa8+ Kh7 29. Qc6 Qe7 30. d6 cxd6 31. Qxb6 f5 32. Qd4 f4 33. f3 exf3 34. Qd3+ g6 35. Qxf3 g5 36. a4 Qe5 37. Kh2 Kg6 38. Qd5 Qe7 39. a5 h5 40. h4 gxh4 41. b4 Qe1 42. Qxd6+ Kg5 43. Qd5+ Kg4 44. Qf3+ Kg5 45. a6 Qxb4 46. a7 Qa4 47. a8Q 1-0

[Event "Balears-ch U16"]
[Site "Eivissa"]
[Date "2018.05.05"]
[Round "4.4"]
[White "Vidal Armendariz, Mikel"]
[Black "Luquin Fajardo, Aimar"]
[Result "0-1"]
[WhiteElo "1327"]
[BlackElo "1581"]
[PlyCount "52"]
[EventDate "2018.05.04"]
[EventType "swiss"]
[EventRounds "5"]
[EventCountry "ESP"]
[SourceTitle "EXT 2024"]
[Source "ChessBase"]
[SourceDate "2023.10.10"]
[SourceVersion "1"]
[SourceVersionDate "2023.10.10"]
[SourceQuality "1"]

1. e4 e5 2. Nf3 Nc6 3. Bc4 Bc5 4. 0-0 d6 5. c3 Bg4 6. h3 Bh5 7. d4 exd4 8. cxd4 Nxd4 9. Be2 Nxe2+ 10. Qxe2 Nf6 11. Nc3 h6 12. b3 0-0 13. Bb2 Re8 14. Rfe1 Bb4 15. a3 Bxc3 16. Bxc3 Nxe4 17. Qd3 Nxc3 18. Qxc3 Bxf3 19. Qxf3 Rxe1+ 20. Rxe1 c6 21. b4 Qd7 22. Rd1 Re8 23. Qg3 b6 24. Rxd6 Qc7 25. Qd3 Re1+ 26. Kh2 Re6 0-1

[Event "Mallorca-ch School U16"]
[Site "Mallorca"]
[Date "2018.02.23"]
[Round "4"]
[White "Cisneros Serra, Javier"]
[Black "Luquin Fajardo, Aimar"]
[Result "1-0"]
[WhiteElo "1862"]
[BlackElo "1488"]
[PlyCount "47"]
[EventDate "2018.02.02"]
[EventType "swiss"]
[EventRounds "6"]
[EventCountry "ESP"]
[SourceTitle "EXT 2024"]
[Source "ChessBase"]
[SourceDate "2023.10.10"]
[SourceVersion "1"]
[SourceVersionDate "2023.10.10"]
[SourceQuality "1"]

1. e4 e5 2. Nf3 Nc6 3. d4 exd4 4. c3 dxc3 5. Nxc3 Bb4 6. Bc4 Nge7 7. 0-0 0-0 8. Nd5 Bc5 9. Bg5 Kh8 10. e5 d6 11. b4 Bxb4 12. Bxe7 Nxe7 13. Nxb4 Bg4 14. exd6 cxd6 15. Nd5 Ng6 16. Be2 Re8 17. Rc1 Qa5 18. Nc7 Nf4 19. Nxe8 Rxe8 20. Bd3 h6 21. Re1 Rxe1+ 22. Qxe1 Qxe1+ 23. Nxe1 Nxd3 24. Nxd3 1-0

[Event "Mallorca-ch Tercera"]
[Site "Palma"]
[Date "2017.12.08"]
[Round "4.1"]
[White "Luquin Fajardo, Aimar"]
[Black "Gomez Lozano, Santiago"]
[Result "0-1"]
[WhiteElo "1531"]
[BlackElo "1576"]
[PlyCount "72"]
[EventDate "2017.12.02"]
[EventType "swiss"]
[EventRounds "8"]
[EventCountry "ESP"]
[SourceTitle "EXT 2024"]
[Source "ChessBase"]
[SourceDate "2023.10.10"]
[SourceVersion "1"]
[SourceVersionDate "2023.10.10"]
[SourceQuality "1"]

1. e4 c5 2. Nf3 Nc6 3. d4 cxd4 4. Nxd4 e6 5. Be3 Nge7 6. Nb5 d5 7. exd5 Nxd5 8. N1c3 Bb4 9. Bd2 0-0 10. Nxd5 Bxd2+ 11. Qxd2 exd5 12. 0-0-0 Be6 13. Nc3 Ne7 14. Bd3 Rc8 15. Ne2 Nc6 16. Nf4 Qg5 17. h4 Qh6 18. f3 Ne5 19. Be2 Nc4 20. Bxc4 Rxc4 21. Nxd5 Qxd2+ 22. Rxd2 Re8 23. b3 Rc5 24. Re1 Kf8 25. Nb4 Bc8 26. Rxe8+ Kxe8 27. c4 b6 28. f4 Bb7 29. Nd5 b5 30. Kd1 bxc4 31. bxc4 Rxc4 32. Ke2 Rc5 33. Ne3 g6 34. Kf2 h5 35. Kg3 Rc3 36. Re2 Kd7 0-1

[Event "Mallorca-ch Tercera"]
[Site "Palma"]
[Date "2017.12.02"]
[Round "1.6"]
[White "Garcia Moll, Gabriel"]
[Black "Luquin Fajardo, Aimar"]
[Result "0-1"]
[WhiteElo "1118"]
[BlackElo "1531"]
[PlyCount "52"]
[EventDate "2017.12.02"]
[EventType "swiss"]
[EventRounds "8"]
[EventCountry "ESP"]
[SourceTitle "EXT 2024"]
[Source "ChessBase"]
[SourceDate "2023.10.10"]
[SourceVersion "1"]
[SourceVersionDate "2023.10.10"]
[SourceQuality "1"]

1. e4 e5 2. Bc4 Nc6 3. Nf3 Bc5 4. d3 Nf6 5. 0-0 d6 6. Re1 0-0 7. c3 a6 8. d4 exd4 9. cxd4 Ba7 10. d5 Ne5 11. Bb3 Bg4 12. Nbd2 Re8 13. h3 Nd3 14. Re2 Bxf3 15. gxf3 Nf4 16. Re1 Nxh3+ 17. Kh2 Nxf2 18. Qe2 Qd7 19. Qf1 Re5 20. Kg3 Rg5+ 21. Kh4 Rh5+ 22. Kg3 Rh3+ 23. Kg2 Rxf3 24. Nxf3 Qg4+ 25. Kh2 Qxf3 26. Bd1 N6g4+ 0-1

[Event "Santa Margalida Mallorca-ch"]
[Site "Santa Margalida"]
[Date "2016.11.25"]
[Round "5"]
[White "Luquin Fajardo, Aimar"]
[Black "Bunyola Oliver, Pedro Antonio"]
[Result "1/2-1/2"]
[WhiteElo "1374"]
[BlackElo "1853"]
[PlyCount "69"]
[EventDate "2016.11.11"]
[EventType "swiss"]
[EventRounds "8"]
[EventCountry "ESP"]
[SourceTitle "EXT 2018"]
[Source "ChessBase"]
[SourceDate "2017.10.13"]
[SourceVersion "1"]
[SourceVersionDate "2017.10.13"]
[SourceQuality "1"]

1. e4 e5 2. Nf3 d6 3. Nc3 Nf6 4. d4 Bg4 5. dxe5 Bxf3 6. gxf3 dxe5 7. Qxd8+ Kxd8 8. Bg5 Bd6 9. Nd5 Nbd7 10. Bh3 h6 11. Nxf6 Nxf6 12. Bxf6+ gxf6 13. 0-0-0 Ke7 14. b4 Rhd8 15. c3 a5 16. a3 axb4 17. axb4 Ra2 18. Rhf1 Rda8 19. Kb1 b6 20. Rc1 Rd2 21. Rcd1 Raa2 22. Rxd2 Rxd2 23. Bg4 c5 24. b5 c4 25. h4 Ba3 26. h5 Rb2+ 27. Ka1 Rxb5 28. Rb1 Ra5 29. Rd1 Ra7 30. Kb1 b5 31. Rd2 Bd6 32. Ra2 Rxa2 33. Kxa2 b4 34. Kb2 Kd8 35. Bh3 1/2-1/2

[Event "Santa Margalida Mallorca-ch"]
[Site "Santa Margalida"]
[Date "2016.11.11"]
[Round "1"]
[White "Nadal Marti, Bernardo Pedro"]
[Black "Luquin Fajardo, Aimar"]
[Result "1-0"]
[WhiteElo "1916"]
[BlackElo "1374"]
[PlyCount "56"]
[EventDate "2016.11.11"]
[EventType "swiss"]
[EventRounds "8"]
[EventCountry "ESP"]
[SourceTitle "EXT 2018"]
[Source "ChessBase"]
[SourceDate "2017.10.13"]
[SourceVersion "1"]
[SourceVersionDate "2017.10.13"]
[SourceQuality "1"]

1. d4 Nf6 2. c4 e5 3. dxe5 Ng4 4. Nf3 Nc6 5. e3 Ngxe5 6. Be2 Bb4+ 7. Bd2 Nxf3+ 8. Bxf3 Qe7 9. Nc3 Ne5 10. Be2 c6 11. 0-0 0-0 12. a3 Ba5 13. b4 Bc7 14. Qc2 Qh4 15. f4 Ng4 16. h3 Nh6 17. Bd3 d5 18. cxd5 Rd8 19. Bxh7+ Kh8 20. Be4 Bb6 21. Rae1 cxd5 22. Nxd5 f5 23. Bf3 Qg3 24. Nxb6 axb6 25. Rd1 Rxd2 26. Rxd2 Be6 27. Qb2 Ng4 28. hxg4 fxg4 1-0

[Event "Mallorca-ch U14"]
[Site "Mallorca"]
[Date "2016.02.05"]
[Round "3.1"]
[White "Cisneros Serra, Javier"]
[Black "Luquin Fajardo, Aimar"]
[Result "1-0"]
[WhiteElo "1569"]
[BlackElo "1354"]
[PlyCount "69"]
[EventDate "2016.02.05"]
[EventType "swiss"]
[EventRounds "6"]
[EventCountry "ESP"]
[SourceTitle "EXT 2024"]
[Source "ChessBase"]
[SourceDate "2023.10.10"]
[SourceVersion "1"]
[SourceVersionDate "2023.10.10"]
[SourceQuality "1"]

1. e4 e5 2. Nf3 Nc6 3. Bb5 d6 4. d4 exd4 5. Nxd4 Bd7 6. Nxc6 Bxc6 7. Bxc6+ bxc6 8. Nc3 Nf6 9. Qf3 Nd7 10. Bf4 Ne5 11. Qg3 Qf6 12. Bg5 Qg6 13. f4 h6 14. Qh3 Rh7 15. Bh4 Ng4 16. Qf3 Qh5 17. e5 Qxh4+ 18. g3 Nxe5 19. fxe5 Qc4 20. 0-0-0 Rh8 21. b3 Qc5 22. Rhf1 0-0-0 23. Na4 Qxe5 24. Qxc6 Qa1+ 25. Kd2 Qd4+ 26. Ke2 Qg4+ 27. Kf2 g6 28. Kg1 Bg7 29. Qa8+ Kd7 30. Nc5+ Ke7 31. Qd5 f6 32. Rde1+ Kf8 33. Ne6+ Kg8 34. Ng5+ Kf8 35. Qf7# 1-0